000
00306nam a2200121Ia 4500
008
191201s2008 xx 000 0 und d
100
_a
SUMAN, Hansraj
245
0
_a
Sting Operation : Sach Ka Aaina
260
_a
N. Delhi
_b
Natraj prakashan
_c
2008
300
_a
448
650
_a
General Books
942
_2
ddc
_c
BK
999
_c
721
_d
721